000 00795nam a22002297a 4500
999 _c19603
_d19603
003 AR-CdUCM
008 190518b ||||| |||| 00| 0 spa d
040 _aMUNICIPALIDAD PROVINCIAL DEL CUSCO
_cBIBLIOTECA MUNICIPAL DEL CUSCO
082 _a375.4 /
_bA74
100 _aArmsey, James W.
_941040
245 _aTecnología de la enseñanza /
260 _aBuenos Airea :
_bGuadalupe,
_c1975.
300 _a151 páginas ;
_c23 cm.
440 _aBiblioteca pedagógica
_936504
505 _aContenido: Definiciones y terminología -- Consideraciones principales -- Los instrumentos para el aprendizaje ...
650 _aTecnología
_91571
650 _aEnseñanza
_91616
650 _aAprendizaje
_92143
700 _aDahl, Norman C.
_941041
942 _2ddc
_cLIBROS
945 _arah
_d2019-05-18